Pays occupés par la France au cours de son histoire - Statistiques

Statistiques générales
  • Ce quiz a été pris 69 fois
    55 depuis la dernière actualisation
  • Le résultat moyen est 52 sur 86
Réponses sur la Carte
Les réponses sont colorées sur une échelle allant du rouge au vert en fonction du pourcentage des utilisateurs qui les ont devinées à leur premier essai. Vous pouvez retrouver ces pourcentages ci-dessous.
 
Statistiques - réponses
Réponses % Correct
France
89%
Allemagne
87%
Espagne
87%
Italie
87%
Russie
87%
Algérie
85%
Canada
85%
Maroc
85%
Suisse
85%
Etats-unis
83%
Tunisie
83%
Belgique
80%
Mexique
80%
Pays-bas
80%
Pologne
80%
Portugal
80%
Brésil
78%
Inde
78%
Autriche
76%
Chine
76%
Sénégal
76%
Turquie
76%
Danemark
74%
Libye
74%
Libye
74%
République du Congo
74%
Vietnam
74%
Croatie
72%
Egypte
72%
Guinée
72%
Madagascar
72%
Mali
72%
Ukraine
72%
Grèce
70%
République Tchèque
70%
Biélorussie
67%
Côte d'Ivoire
67%
Hongrie
67%
Australie
65%
Israel
65%
Lituanie
65%
Luxembourg
63%
Mauritanie
63%
Slovénie
63%
Syrie
63%
Cambodge
61%
Gabon
61%
Liban
61%
Niger
61%
Cameroun
59%
Estonie
59%
Andorre
57%
Malte
57%
Nigeria
57%
Slovaquie
57%
Tchad
57%
Togo
57%
Bénin
54%
Irlande
54%
Laos
54%
Monaco
54%
Burkina-Faso
50%
Comores
48%
Nouvelle-Zélande
46%
Saint-Marin
46%
Vatican
46%
Djibouti
43%
Haïti
43%
Île Maurice
43%
Liechtenstein
43%
Sri Lanka
41%
Gambie
39%
Seychelles
39%
République centrafricaine
37%
Sainte-Lucie
37%
Kenya
35%
Barbade
33%
Saint-Vincent et les Grenadines
33%
Venezuela
33%
Yemen
33%
Vanuatu
28%
Bangladesh
26%
Dominique
26%
Antigua-et-Barbuda
22%
Grenade
22%
Trinité-et-Tobago
20%
Aucun quiz correspondant
Distribution des résultats
% des personnes avec chaque résultat
Percentile par nombre de réponses
Votre historique - résultats
Vous n’avez pas pris ce quiz depuis la dernière actualisation